000 nam a22 7a 4500
999 _c8057
_d8057
008 171125b xxu||||| |||| 00| 0 eng d
100 _aChawla.A.
_94506
245 _aMy Big Book of Flower
260 _aDreamland
_c2008